| 000 | 00771nam a2200241 i 4500 | ||
|---|---|---|---|
| 001 | bg | ||
| 100 | 1 | _aMROZOWICKI, Edward | |
| 245 | 1 | 0 |
_aPodstawy prawne gospodarki nieruchomościami : _bpodręczny poradnik / _cEdward Mrozowicki, Zofia Więckowicz. |
| 250 | _aStan prawny na 15 czerwca 1999 r. | ||
| 260 |
_aWrocław : _bStowarzyszenie Rzeczoznawców Majątkowych, _c1999. |
||
| 300 |
_a509 s. ; _c24 cm. |
||
| 504 | _aPrzepisy wykonawcze przy rozdz. | ||
| 650 | 9 |
_aNieruchomości _xgospodarka _xprawo _zPolska _ystan na 1999 r. |
|
| 655 | _aPoradniki | ||
| 700 | 1 | _aWIĘCKOWICZ, Zofia | |
| 020 | _a8390289121 | ||
| 040 | _cBPK | ||
| 041 | 0 | _apl | |
| 080 | _a347.2(438) | ||
| 920 | _a83-902891-2-1 | ||
| 942 | _cKS | ||
| 008 | s pl f |000 0 pol | ||
| 999 |
_c36190 _d36190 |
||
| 856 |
_uhttp://koha.tu.koszalin.pl/cgi-bin/koha/opac-detail.pl?biblionumber=36190 _yKatalog online BPK |
||